000 00965nam a2200253 i 4500
001 154271
003 ES-MaACL
005 20230906205607.0
008 981201s1842 sp f |||| | spa d
040 _aCCPB | B
_bspa
_cCCPB | B
080 _a623.41
100 1 _aGautier, Luis.
_956054
245 1 0 _aMemoria sobre el tiro a rebote /
_ctraducida y aumentada para el uso de la Academia de Ingenieros por Luis Gautier.
260 _aGuadalajara :
_b[s.n.],
_c1842 (
_fImp. de P.M. Ruiz y Hermano)
300 _a31 p., [1] h. pleg. de lám. ;
_c20 cm.
530 _aDisponible en formato digital.
597 _aPort. con escudo real.
599 _aLa h. de lam. pleg.: "Lita. de J. Aragón"
650 4 _aTiro de artillería.
_9155696
700 1 _aGautier, Luis.
_956054
752 _aEspaña -
_dGuadalajara
852 _aES-MaACL
_jF-13510
_z- Enc. tela
856 _uhttp://bdh-rd.bne.es/viewer.vm?id=0000168495&page=1
_zBiblioteca Digital Hispánica
999 _c154271
_d154271